Megrajzolt valóság
Elmentve itt :
| Dokumentumtípus: | Cikk |
|---|---|
| Megjelent: |
1972-04-02
|
| Sorozat: | Délmagyarország
62 No. 79 |
| Kulcsszavak: | tervezés |
| Online Access: | http://dmarchiv.bibl.u-szeged.hu/105589 |
| LEADER | 00387nab a2200145 i 4500 | ||
|---|---|---|---|
| 001 | delm105589 | ||
| 005 | 20190320140143.0 | ||
| 008 | 190320s1972 hu o 0|| hun d | ||
| 040 | |a SZTE Délmagyarország Archívum |b hun | ||
| 041 | |a hun | ||
| 245 | 0 | 0 | |a Megrajzolt valóság |h [elektronikus dokumentum] |
| 260 | |c 1972-04-02 | ||
| 300 | |a 6-8 | ||
| 490 | 0 | |a Délmagyarország |v 62 No. 79 | |
| 695 | |a tervezés | ||